000 00607nam a2200241Ia 4500
003 0100
008 130303s9999 xx 000 0 und d
020 _a0631187855
040 _cARRUPELIB
050 _aBJ1012.C62 1991
245 2 _aA companion to ethics
260 _aOxford
260 _bBlackwell Publishers
260 _C1991
300 _axxii
300 _b 565p. 25cm.
440 _aBlackwell Companions to Philosophy
650 _aETHICS
650 _bAfrica-Culture-Philosophy
650 _cAfrica-Intellectual life 20th century
700 _aSinger, Peter (ed.)
942 0 0 _07
999 _c20006
_d20006